<?xml version="1.0" encoding="UTF-8"?><?xml-stylesheet type="text/xsl" href="static/style.xsl"?><OAI-PMH xmlns="http://www.openarchives.org/OAI/2.0/" xmlns:xsi="http://www.w3.org/2001/XMLSchema-instance" xsi:schemaLocation="http://www.openarchives.org/OAI/2.0/ http://www.openarchives.org/OAI/2.0/OAI-PMH.xsd"><responseDate>2026-04-13T00:04:31Z</responseDate><request verb="GetRecord" identifier="oai:www.recercat.cat:11351/13357" metadataPrefix="marc">https://recercat.cat/oai/request</request><GetRecord><record><header><identifier>oai:recercat.cat:11351/13357</identifier><datestamp>2025-10-24T10:40:36Z</datestamp><setSpec>com_2072_378070</setSpec><setSpec>com_2072_378040</setSpec><setSpec>col_2072_378092</setSpec></header><metadata><record xmlns="http://www.loc.gov/MARC21/slim" xmlns:dcterms="http://purl.org/dc/terms/" xmlns:xsi="http://www.w3.org/2001/XMLSchema-instance" xmlns:doc="http://www.lyncode.com/xoai" xsi:schemaLocation="http://www.loc.gov/MARC21/slim http://www.loc.gov/standards/marcxml/schema/MARC21slim.xsd">
   <leader>00925njm 22002777a 4500</leader>
   <datafield ind2=" " ind1=" " tag="042">
      <subfield code="a">dc</subfield>
   </datafield>
   <datafield ind2=" " ind1=" " tag="720">
      <subfield code="a">Zieglgänsberger, Dominik</subfield>
      <subfield code="e">author</subfield>
   </datafield>
   <datafield ind2=" " ind1=" " tag="720">
      <subfield code="a">Schubert, Kai Michael</subfield>
      <subfield code="e">author</subfield>
   </datafield>
   <datafield ind2=" " ind1=" " tag="720">
      <subfield code="a">Bicciato, Giulio</subfield>
      <subfield code="e">author</subfield>
   </datafield>
   <datafield ind2=" " ind1=" " tag="720">
      <subfield code="a">Abraira del Fresno, Laura</subfield>
      <subfield code="e">author</subfield>
   </datafield>
   <datafield ind2=" " ind1=" " tag="720">
      <subfield code="a">Santamarina, Estevo</subfield>
      <subfield code="e">author</subfield>
   </datafield>
   <datafield ind2=" " ind1=" " tag="720">
      <subfield code="a">Alvarez-Sabin, Jose</subfield>
      <subfield code="e">author</subfield>
   </datafield>
   <datafield ind2=" " ind1=" " tag="260">
      <subfield code="c">2025-07-07T06:45:46Z</subfield>
   </datafield>
   <datafield ind2=" " ind1=" " tag="260">
      <subfield code="c">2025-07-07T06:45:46Z</subfield>
   </datafield>
   <datafield ind2=" " ind1=" " tag="260">
      <subfield code="c">2025-07</subfield>
   </datafield>
   <datafield ind2=" " ind1=" " tag="520">
      <subfield code="a">Epilepsy; Seizures; Stroke</subfield>
   </datafield>
   <datafield ind2=" " ind1=" " tag="520">
      <subfield code="a">Epilepsia; Convulsiones; Ictus</subfield>
   </datafield>
   <datafield ind2=" " ind1=" " tag="520">
      <subfield code="a">Epilèpsia; Convulsions; Ictus</subfield>
   </datafield>
   <datafield ind2=" " ind1=" " tag="520">
      <subfield code="a">BACKGROUND:&#xd;
Acute symptomatic seizures (ASyS) increase the risk of epilepsy and mortality after a stroke. The impact of the timing and type of ASyS remains unclear.&#xd;
METHODS:&#xd;
This multicenter cohort study included data from 9 centers between 2002 and 2018, with a final analysis in February 2024. The study included 4552 adults (2005 female; median age, 73 years) with ischemic stroke and no seizure history. Seizures were classified using International League Against Epilepsy definitions. We examined ASyS occurring within 7 days after stroke. The main outcomes were all-cause mortality and epilepsy. Validation of the updated SeLECT score (SeLECT-ASyS) was performed in 3 independent cohorts (Switzerland, Argentina, and Japan) collected between 2012 and 2024, including 74 adults with ASyS.&#xd;
RESULTS:&#xd;
The 10-year risk of poststroke epilepsy ranged from 41% to 94%, and mortality from 36% to 100%, depending on ASyS type and timing. ASyS on stroke onset day had a higher epilepsy risk (adjusted hazard ratio [aHR], 2.3 [95% CI, 1.3–4.0]; P=0.003) compared with later ASyS. Status epilepticus had the highest epilepsy risk (aHR, 9.6 [95% CI, 3.5–26.7]; P&lt;0.001), followed by focal to bilateral tonic-clonic seizures (aHR, 3.4 [95% CI, 1.9–6.3]; P&lt;0.001). Mortality was higher in those with ASyS presenting as focal to bilateral tonic-clonic seizures on day 0 (aHR, 2.8 [95% CI, 1.4–5.6]; P=0.004) and status epilepticus (aHR, 14.2 [95% CI, 3.5–58.8]; P&lt;0.001). The updated SeLECT-ASyS model, available as an application, outperformed a previous model in the derivation cohort (concordance statistics, 0.68 versus 0.58; P=0.02) and in the validation cohort (0.70 versus 0.50; P=0.18).&#xd;
CONCLUSIONS:&#xd;
ASyS timing and type significantly affect epilepsy and mortality risk after stroke, improving epilepsy prediction and guiding patient counseling.</subfield>
   </datafield>
   <datafield ind1="8" ind2=" " tag="024">
      <subfield code="a">http://hdl.handle.net/11351/13357</subfield>
   </datafield>
   <datafield tag="653" ind2=" " ind1=" ">
      <subfield code="a">Convulsions</subfield>
   </datafield>
   <datafield tag="653" ind2=" " ind1=" ">
      <subfield code="a">Epilèpsia - Mortalitat</subfield>
   </datafield>
   <datafield tag="653" ind2=" " ind1=" ">
      <subfield code="a">Malalties cerebrovasculars - Complicacions</subfield>
   </datafield>
   <datafield tag="653" ind2=" " ind1=" ">
      <subfield code="a">DISEASES::Nervous System Diseases::Neurologic Manifestations::Seizures</subfield>
   </datafield>
   <datafield tag="653" ind2=" " ind1=" ">
      <subfield code="a">DISEASES::Nervous System Diseases::Central Nervous System Diseases::Brain Diseases::Cerebrovascular Disorders::Stroke</subfield>
   </datafield>
   <datafield tag="653" ind2=" " ind1=" ">
      <subfield code="a">Other subheadings::Other subheadings::Other subheadings::/complications</subfield>
   </datafield>
   <datafield tag="653" ind2=" " ind1=" ">
      <subfield code="a">DISEASES::Nervous System Diseases::Central Nervous System Diseases::Brain Diseases::Epilepsy</subfield>
   </datafield>
   <datafield tag="653" ind2=" " ind1=" ">
      <subfield code="a">Other subheadings::Other subheadings::Other subheadings::Other subheadings::/mortality</subfield>
   </datafield>
   <datafield tag="653" ind2=" " ind1=" ">
      <subfield code="a">PHENOMENA AND PROCESSES::Physical Phenomena::Time::Time Factors</subfield>
   </datafield>
   <datafield tag="653" ind2=" " ind1=" ">
      <subfield code="a">ENFERMEDADES::enfermedades del sistema nervioso::manifestaciones neurológicas::convulsiones</subfield>
   </datafield>
   <datafield tag="653" ind2=" " ind1=" ">
      <subfield code="a">ENFERMEDADES::enfermedades del sistema nervioso::enfermedades del sistema nervioso central::enfermedades cerebrales::trastornos cerebrovasculares::accidente cerebrovascular</subfield>
   </datafield>
   <datafield tag="653" ind2=" " ind1=" ">
      <subfield code="a">Otros calificadores::Otros calificadores::Otros calificadores::/complicaciones</subfield>
   </datafield>
   <datafield tag="653" ind2=" " ind1=" ">
      <subfield code="a">ENFERMEDADES::enfermedades del sistema nervioso::enfermedades del sistema nervioso central::enfermedades cerebrales::epilepsia</subfield>
   </datafield>
   <datafield tag="653" ind2=" " ind1=" ">
      <subfield code="a">Otros calificadores::Otros calificadores::Otros calificadores::Otros calificadores::/mortalidad</subfield>
   </datafield>
   <datafield tag="653" ind2=" " ind1=" ">
      <subfield code="a">FENÓMENOS Y PROCESOS::fenómenos físicos::tiempo::factores de tiempo</subfield>
   </datafield>
   <datafield ind2="0" ind1="0" tag="245">
      <subfield code="a">Association of the Timing and Type of Acute Symptomatic Seizures With Poststroke Epilepsy and Mortality</subfield>
   </datafield>
</record></metadata></record></GetRecord></OAI-PMH>